000 00499nam a2200169 i 4500
001 60714
003 ES-MaACL
005 20230906164306.0
007 t|
008 031105s1967 sp ||||1| gao d
100 1 _aEstévez Villaverde, Emilia.
_948171
245 1 2 _aA soma do Monterreal /
_cEmilia Estévez Villaverde.
250 _a3ª ed.
260 _aPuenteareas :
_b[s.n.,
_c1967] (
_ePontevedra :
_fE. Paredes)
300 _a75 p., 8 lám. ;
_c22 cm.
852 _aES-MaACL
_jC-32588
_bR.63317
999 _c60714
_d60714